Tres mujeres en tiempos sombríos: Edith Stein, Hannah Arendt, Simone Weil o Amor fati, amor mundi

Wedi'i Gadw mewn:
Manylion Llyfryddiaeth
Prif Awdur: Courtine-Denamy, Sylvie (Awdur)
Fformat: Llyfr
Iaith:Sbaeneg
Cyhoeddwyd: Madrid Edaf 2003
Rhifyn:1a. ed
Cyfres:Ensayo
Pynciau:
Tagiau: Ychwanegu Tag
Dim Tagiau, Byddwch y cyntaf i dagio'r cofnod hwn!

MARC

LEADER 00000nam a2200000 a 4500
001 UCK0398
003 CL-VaPUC
008 041001e20030000SP |||||||||||||||||spa|d
020 |a 8441413401 
082 0 4 |a 305.4  |b COU  |2 21 
100 0 |a Courtine-Denamy, Sylvie  |e author  |9 488321 
245 1 0 |a Tres mujeres en tiempos sombríos: Edith Stein, Hannah Arendt, Simone Weil o Amor fati, amor mundi 
250 |a 1a. ed 
300 |a 350 p 
942 |c BK 
945 |d 20041001 00:00:00  |a cmena 
260 |a Madrid  |b Edaf  |c 2003 
600 0 |a Stein, Edith  |9 315970 
600 0 7 |a ARENDT, HANNAH  |2 CL-VaPUC  |9 376197 
600 0 7 |a WEIL, SIMONE  |2 CL-VaPUC  |9 441906 
650 0 |a Mujeres  |9 257649 
650 0 |a Biografías  |9 255210 
650 0 |a Participación social  |9 256140 
650 0 |a Judaísmo  |9 269348 
650 7 |a FILOSOFIA POLITICA  |2 CL-VaPUC  |9 488322 
583 |a last modification  |c 20041001 00:00:00  |k Rodrigo Vera 
490 0 |a Ensayo 
999 |c 310851  |d 310849 
952 |0 0  |1 0  |4 0  |6 305_400000000000000_COU_2003  |7 0  |8 A  |9 379882  |a BIBEDU  |b BIBEDU  |d 2019-11-21  |i 4048857  |l 2  |o 305.4 COU 2003  |p 4048857  |r 2025-03-10  |s 2025-03-10  |w 2019-11-21  |y BK  |k EDU